000
00330 a2200157 4500
001
182948
020
_a
040
_c
Magnum
100
_a
Alves, Galeno Germano
240
1
0
_a
Crônicas do dia-a-dia
_l
por
245
1
0
_a
Crônicas do dia-a-dia
300
_a
94
362
0
_a
2002
697
_a
LITERATURA GERAL
942
_c
BK
999
_c
182948
_d
182948